000 00338 a2200157 4500
001 61086
020 _a85-16-03089-x
040 _cAnchieta - Pituba
100 _aElisabeth Prescher
240 1 0 _aNew our way 1
_lpor
245 1 0 _aNew our way 1
300 _a135
362 0 _a2002
650 4 _aInglês e inglês antigo
942 _cBK
999 _c61086
_d61086